00384 a2200121 4500001001000000005001700010008004100027245008000068100002400148700003100172773004200203999001700245ART_5484420260410161634.0260409a 10aContabilidad social y ambiental: educación ambiental y cambio climático1 aGeba, Norma Beatriz1 aBifaretti, Marcela Claudia0 tEnfoquesg- N°10 (oct. 2021)wREV416 c12696d12696